[Event "Golden Rook op 56th"]
[Site "Chotowa"]
[Date "2014.06.11"]
[Round "6"]
[White "Kowalczyk, Mariusz"]
[Black "Gawiec, Konrad"]
[Result "1-0"]
[WhiteElo "1987"]
[BlackElo "1990"]
[PlyCount "81"]
[EventDate "2014.06.08"]
[EventType "team-swiss"]
[EventRounds "9"]
[EventCountry "POL"]
[SourceTitle "EXT 2015"]
[Source "ChessBase"]
[SourceDate "2014.11.20"]
[SourceVersion "1"]
[SourceVersionDate "2014.11.20"]
[SourceQuality "1"]

1. e4 g6 2. d4 Bg7 3. c3 c6 4. Bd3 d5 5. Nd2 Nd7 6. Ngf3 Nb6 7. 0-0 Bg4 8. h3 Bxf3 9. Qxf3 e6 10. Re1 Ne7 11. Nf1 0-0 12. Nh2 dxe4 13. Bxe4 Ned5 14. Bc2 Nc4 15. Ng4 Nd6 16. a3 Qc7 17. h4 h5 18. Nh6+ Kh8 19. g4 Nf6 20. Bf4 Qd7 21. gxh5 Nxh5 22. Bxd6 Bxh6 23. Bxf8 Rxf8 24. Re5 Qd8 25. Qe4 Nf6 26. Qf3 Nh5 27. Qg4 Rg8 28. Kf1 Qf6 29. Rae1 Bf4 30. R5e4 Ng3+ 31. fxg3 Bxg3+ 32. Ke2 Qf2+ 33. Kd1 f5 34. Qg5 Qf3+ 35. R4e2 Kh7 36. Rg1 Bf4 37. Qg2 Qh5 38. Bd3 Bh6 39. Kc2 Qxh4 40. Rxe6 Rg7 41. Rxg6 1-0

[Event "Golden Rook op 56th"]
[Site "Chotowa"]
[Date "2014.06.10"]
[Round "4"]
[White "Kowalczyk, Mariusz"]
[Black "Banach, Szymon"]
[Result "1-0"]
[WhiteElo "1987"]
[BlackElo "1921"]
[PlyCount "123"]
[EventDate "2014.06.08"]
[EventType "team-swiss"]
[EventRounds "9"]
[EventCountry "POL"]
[SourceTitle "EXT 2015"]
[Source "ChessBase"]
[SourceDate "2014.11.20"]
[SourceVersion "1"]
[SourceVersionDate "2014.11.20"]
[SourceQuality "1"]

1. f4 e5 2. fxe5 d6 3. exd6 Bxd6 4. Nf3 Nf6 5. Nc3 0-0 6. g3 Bg4 7. Bg2 Qd7 8. 0-0 Bh3 9. e4 Re8 10. Re1 Bxg2 11. Kxg2 Nc6 12. d4 Bb4 13. e5 Nd5 14. Bd2 Bxc3 15. bxc3 Na5 16. Ng5 Nc4 17. Bc1 Qc6 18. Kg1 h6 19. Nf3 Rad8 20. Qd3 Re6 21. Nd2 Ndb6 22. Nxc4 Nxc4 23. Qf1 Nb6 24. Bd2 Nc4 25. Qf2 Qd5 26. Bf4 Rd7 27. Qg2 Qxg2+ 28. Kxg2 a5 29. h4 Na3 30. Rad1 Rd5 31. Bc1 Nc4 32. Kf3 Kh7 33. Bf4 g6 34. Ke4 c6 35. Rb1 f5+ 36. Kd3 b5 37. a4 Kg7 38. axb5 cxb5 39. Rxb5 Rxb5 40. Kxc4 Rb7 41. d5 Re8 42. e6 Rc8+ 43. Kd3 Kf6 44. Be5+ Ke7 45. Ra1 Ra8 46. Ra4 Rb1 47. c4 g5 48. hxg5 hxg5 49. c5 Rd1+ 50. Kc4 Re1 51. Bd6+ Ke8 52. Kb5 Rb1+ 53. Kc4 Rc1 54. c3 Rf1 55. Ra2 Rh1 56. c6 a4 57. Bc5 Rh6 58. Ba3 f4 59. gxf4 g4 60. Rg2 Rh4 61. d6 Rh7 62. Rxg4 1-0